Catálogo público

El rumiante : fisiología digestiva y nutrición / (Record no. 165974)

MARC details
000 -CABECERA
campo de control de longitud fija 01044nam a2200325Ia 4500
001 - NÚMERO DE CONTROL
campo de control Z_2898
003 - IDENTIFICADOR DEL NÚMERO DE CONTROL
campo de control CHAP
008 - DATOS DE LONGITUD FIJA--INFORMACIÓN GENERAL
campo de control de longitud fija 220113s1993 xx 000 0 und d
010 ## - NÚMERO DE CONTROL DE LA BIBLIOTECA DEL CONGRESO
Número de control de LC 165974
020 ## - NÚMERO INTERNACIONAL ESTÁNDAR DEL LIBRO
Número Internacional Estándar del Libro 84-200-0739-0
040 ## - FUENTE DE LA CATALOGACIÓN
Centro/agencia transcriptor CHAP
082 ## - NÚMERO DE LA CLASIFICACIÓN DECIMAL DEWEY
Número de clasificación 636.20892 C48
100 ## - ENTRADA PRINCIPAL--NOMBRE DE PERSONA
Nombre de persona Church, David C.
9 (RLIN) 22992
240 ## - TÍTULO UNIFORME
Título uniforme The ruminant animal: digestive phisyology and nutrition
245 ## - MENCIÓN DE TÍTULO
Título El rumiante : fisiología digestiva y nutrición /
Mención de responsabilidad, etc. D. C. Church; traducción Pedro Ducar Maluenda
260 ## - PUBLICACIÓN, DISTRIBUCIÓN, ETC.
Lugar de publicación, distribución, etc. España :
Nombre del editor, distribuidor, etc. Acribia,
Fecha de publicación, distribución, etc. 1993
300 ## - DESCRIPCIÓN FÍSICA
Extensión ix, 641 p.
503 ## - NOTA DE HISTORIA BIBLIOGRÁFICA (BK CF MU) [OBSOLETO]
Nota de historia bibliográfica ej.1: 188982 \ ej.2: fotocopia \ ej.3: 212011 \ ej.4: reposición (172011) \ ej.5: 254322 \ ej.6: 253972 \ ej.7 - ej.11: C/E
504 ## - NOTA DE BIBLIOGRAFÍA, ETC.
Nota de bibliografía, etc. Incluye bibliografía e índice
650 ## - PUNTO DE ACCESO ADICIONAL DE MATERIA--TÉRMINO DE MATERIA
Término de materia o nombre geográfico como elemento de entrada Digestión
9 (RLIN) 32567
650 ## - PUNTO DE ACCESO ADICIONAL DE MATERIA--TÉRMINO DE MATERIA
Término de materia o nombre geográfico como elemento de entrada Rumiantes
Subdivisión general Anatomía y fisiología
9 (RLIN) 100843
650 ## - PUNTO DE ACCESO ADICIONAL DE MATERIA--TÉRMINO DE MATERIA
Término de materia o nombre geográfico como elemento de entrada Rumiantes
Subdivisión general Nutrición
9 (RLIN) 100847
700 ## - PUNTO DE ACCESO ADICIONAL--NOMBRE DE PERSONA
Nombre de persona Ducar Maluenda, Pedro, tr.
901 ## - ELEMENTOS DE DATOS A LOCAL LDA (RLIN)
a 636.20892 C48
902 ## - ELEMENTOS DE DATOS B LOCAL, LDB (RLIN)
a M
910 ## - DATOS DE OPCIÓN DEL USUARIO (OCLC)
Datos de opción del usuario 1993
942 ## - ELEMENTOS DE PUNTO DE ACCESO ADICIONAL (KOHA)
Tipo de ítem Koha Libro_
942 ## - ELEMENTOS DE PUNTO DE ACCESO ADICIONAL (KOHA)
Tipo de ítem Koha
Holdings
Estado de retiro Estado de pérdida Fuente del sistema de clasificación o colocación Estado dañado No para préstamo Código de colección Localización permanente Ubicación/localización actual Ubicación en estantería Fecha de adquisición Total de préstamos Código de barras Fecha visto por última vez Fecha del último préstamo Número de copia Precio válido a partir de Tipo de ítem Koha
    Dewey Decimal Classification     General Zootecnia Zootecnia   09/11/2005 2 z_2955 05/12/2024 05/12/2024 1 18/01/2022 Libro
    Dewey Decimal Classification     General Zootecnia Zootecnia   09/11/2005   z_2956 18/01/2022   2 18/01/2022 Libro
    Dewey Decimal Classification     General Zootecnia Zootecnia   09/11/2005   z_4215 18/01/2022   3 18/01/2022 Libro
    Dewey Decimal Classification     General Zootecnia Zootecnia   09/02/2006 1 z_4733 09/11/2022 07/11/2022 4 18/01/2022 Libro
    Dewey Decimal Classification     General Zootecnia Zootecnia   15/12/2010   z_5842 18/01/2022   5 18/01/2022 Libro
    Dewey Decimal Classification     General Zootecnia Zootecnia   22/02/2011   z_5851 18/01/2022   6 18/01/2022 Libro
    Dewey Decimal Classification     General Zootecnia Zootecnia   06/05/2014   z_6257 18/01/2022   7 18/01/2022 Libro
    Dewey Decimal Classification     General Zootecnia Zootecnia   06/05/2014   z_6258 18/01/2022   8 18/01/2022 Libro
    Dewey Decimal Classification     General Zootecnia Zootecnia   06/05/2014   z_6259 18/01/2022   9 18/01/2022 Libro
    Dewey Decimal Classification     General Zootecnia Zootecnia   06/05/2014   z_6260 18/01/2022   10 18/01/2022 Libro
    Dewey Decimal Classification     General Zootecnia Zootecnia   06/05/2014 8 z_6261 28/01/2026 28/01/2026 11 18/01/2022 Libro